Rozpoznaj filmy lat 90-tych po obrazie - Statystyki

Ogólne statystyki
  • Ten quiz został rozwiązany 47 razy
    44 od ostatniego zresetowania
  • Średni wynik to 23 z 40
Statystyki odpowiedzi
Obrazkowy Hint Odpowiedź % Poprawnych
1990 Kevin sam w domu
100%
1994 Król Lew
95%
1999 Matrix
95%
1997 Titanic
95%
1995 Toy Story
95%
1991 Piękna i bestia
93%
1994 Forrest Gump
88%
1991 Rodzina Addamsów
88%
1993 Park Jurajski
85%
1991 Robin Hood: Książę Złodziei
80%
1997 Faceci w czerni
78%
1994 Pulp Fiction
78%
1992 Aladyn
73%
1990 Edward Nożycoręki
73%
1995 Pocahontas
73%
1995 Braveheart: Waleczne Serce
70%
1996 Kosmiczny mecz
70%
1991 Milczenie Owiec
70%
1998 Truman Show
70%
1998 Mulan
68%
1999 Star Wars: Część I – Mroczne Widmo
68%
1999 Podziemny krąg
65%
1996 Mission: Impossible
63%
1994 Skazani na Shawshank
63%
1990 Pretty Woman
58%
1990 Chłopcy z ferajny
55%
1993 Lista Schindlera
50%
1999 Mumia
45%
1996 Gruby i chudszy
35%
1996 Matylda
33%
1993 Pani Doubtfire
33%
1998 Big Lebowski
30%
1992 Wściekłe Psy
28%
1992 Ludzie honoru
15%
1992 Batman powraca
13%
1995 Clueless
13%
1998 Nie wierzcie bliźniaczkom
13%
1993 Hokus Pokus
10%
1997 Lepiej być nie może
10%
1997 Austin Powers: Agent specjalnej troski
3%
Nie znaleziono quizów pasujących do podanych kryteriów
Rozkład punktacji
Procent ludzi z każdym wynikiem
Percentyl według liczby udzielonych odpowiedzi
Twoja historia wyników
Nie rozwiązałeś tego quizu od ostatniego zresetowania